Bills of lading / (Record no. 528316)

000 -LEADER
fixed length control field 01713cam a2200385 i 4500
001 - CONTROL NUMBER
control field 18713756
003 - CONTROL NUMBER IDENTIFIER
control field NUST
005 - DATE AND TIME OF LATEST TRANSACTION
control field 20190906043545.0
008 - FIXED-LENGTH DATA ELEMENTS--GENERAL INFORMATION
fixed length control field 150724s2016 enk b 001 0 eng
010 ## - LIBRARY OF CONGRESS CONTROL NUMBER
LC control number 2015029158
038 ## - RECORD CONTENT LICENSOR
Staff Name X8W1
040 ## - CATALOGING SOURCE
Original cataloging agency DLC
Language of cataloging eng
Transcribing agency DLC
Description conventions rda
042 ## - AUTHENTICATION CODE
Authentication code pcc
043 ## - GEOGRAPHIC AREA CODE
Geographic area code e-uk---
050 00 - LIBRARY OF CONGRESS CALL NUMBER
Classification number KD1827
082 00 - DEWEY DECIMAL CLASSIFICATION NUMBER
Classification number 346.41024
Edition number 23
Author Mark UNO
100 1# - MAIN ENTRY--PERSONAL NAME
Personal name United Nations
9 (RLIN) 20028
245 10 - TITLE STATEMENT
Title Bills of lading /
264 #1 - PRODUCTION, PUBLICATION, DISTRIBUTION, MANUFACTURE, AND COPYRIGHT NOTICE
Place of production, publication, distribution, manufacture New York, NY :
-- United Nation
Date of production, publication, distribution, manufacture, or copyright notice 1971.
300 ## - PHYSICAL DESCRIPTION
Extent lxviii, 78 pages ;
Dimensions 26 cm.
336 ## - CONTENT TYPE
Content type term text
Content type code txt
Source rdacontent
337 ## - MEDIA TYPE
Media type term unmediated
Media type code n
Source rdamedia
338 ## - CARRIER TYPE
Carrier type term volume
Carrier type code nc
Source rdacarrier
490 0# - SERIES STATEMENT
Series statement Lloyd's shipping law library
504 ## - BIBLIOGRAPHY, ETC. NOTE
Bibliography, etc. note Includes bibliographical references and index.
505 0# - FORMATTED CONTENTS NOTE
Formatted contents note A short history of the bill of lading -- Definition and classification of bills of lading -- The issue of bills of lading -- Representations in the bill of lading -- Delivery -- The bill of lading and property and title to the goods -- The bill of lading as a contract -- The transfer of contractual rights -- Claims other than in contract -- Contractual rights and obligations : the Hague rules -- Combined transport and through bills of lading -- Freight -- Primary remedies -- Conflicts and procedural matters.
650 #0 - SUBJECT ADDED ENTRY--TOPICAL TERM
Topical term or geographic name entry element Bills of lading
Geographic subdivision Great Britain.
9 (RLIN) 20029
650 #0 - SUBJECT ADDED ENTRY--TOPICAL TERM
Topical term or geographic name entry element Maritime law
Geographic subdivision Great Britain.
9 (RLIN) 20030
650 #0 - SUBJECT ADDED ENTRY--TOPICAL TERM
Topical term or geographic name entry element Bills of lading.
9 (RLIN) 20031
700 1# - ADDED ENTRY--PERSONAL NAME
Personal name Lord, Richard,
Dates associated with a name 1959-
Relator term author.
9 (RLIN) 20032
700 1# - ADDED ENTRY--PERSONAL NAME
Personal name Bools, Michael D.,
Relator term author.
9 (RLIN) 20033
906 ## - LOCAL DATA ELEMENT F, LDF (RLIN)
a 7
b cbc
c orignew
d 1
e ecip
f 20
g y-gencatlg
942 ## - ADDED ENTRY ELEMENTS (KOHA)
Source of classification or shelving scheme
Koha item type Book
Holdings
Withdrawn status Lost status Source of classification or shelving scheme Damaged status Not for loan Permanent Location Current Location Date acquired Total Checkouts Full call number Barcode Date last seen Price effective from Koha item type
          School of Civil and Environmental Engineering (SCEE) School of Civil and Environmental Engineering (SCEE) 09/06/2019   346.41024 UNO NIT-10372 09/06/2019 09/06/2019 Book
© 2023 Central Library, National University of Sciences and Technology. All Rights Reserved.